00349 a2200121 4500040001300000082001100013100001900024245005900043260005300102300002100155500001900176650003200195 aDLCbDLC a297.63 aAfal-ur-Rahman aMuhammad (S.A.W): As a Military LeadercAfal-ur-Rahman aLahore:bIslamic Publications (Pvt) Ltd.,c1998. a314 p. ;c24 cm. aIncludes Index aMuhammad (S.A.W.), Prophet.